|
|
|
|
| LEADER |
00000naa2a2200000 4500 |
| 001 |
216306 |
| 005 |
20260105170035.0 |
| 035 |
|
|
|a (RuTPU)RU\TPU\book\236275
|
| 090 |
|
|
|a 216306
|
| 100 |
|
|
|a 20120523d2004 k y0rusy50 ca
|
| 101 |
0 |
|
|a rus
|
| 102 |
|
|
|a RU
|
| 200 |
1 |
|
|a Влияние шума на психику человека
|f В. Я. Фарберов
|
| 461 |
|
0 |
|0 (RuTPU)RU\TPU\book\119005
|t Прогрессивные технологии и экономика в машиностроении
|o труды II Всероссийской научно-практической конференции, 29-30 апреля 2004 года, Юрга
|f Томский политехнический университет; Прогрессивные технологии и экономика в машиностроении; под ред. О. Ю. Ретюнского
|d 2004
|
| 463 |
|
0 |
|0 (RuTPU)RU\TPU\book\164816
|t Т. 2
|v С. 160-163
|d 2004
|
| 610 |
1 |
|
|a шум
|
| 610 |
1 |
|
|a слух
|
| 610 |
1 |
|
|a шумы
|
| 610 |
1 |
|
|a сознание
|
| 610 |
1 |
|
|a психика
|
| 610 |
1 |
|
|a влияние на организм
|
| 610 |
1 |
|
|a труды учёных ТПУ
|
| 700 |
|
1 |
|a Фарберов
|b В. Я.
|c российский учёный в области экологии и безопасности жизнедеятельности
|c доцент Юргинского технологического института (филиал) Томского политехнического университета
|g Вячеслав Яковлевич
|3 (RuTPU)RU\TPU\pers\24284
|
| 801 |
|
1 |
|a RU
|b 63413507
|c 20120523
|
| 942 |
|
|
|c BK
|